Medzinárodná migrácia a jej vplyv na budúci demografický vývoj v SR diplomová práca

Guardado en:
Detalles Bibliográficos
Autor principal: Mihálková, Mária
Autor Corporativo: Národohospodárska fakulta EU. Katedra sociálneho rozvoja a práce
Otros Autores: Přívara, Andrej, 1983-
Formato: Libro
Lenguaje:eslovaco
Publicado: Bratislava 2018
Etiquetas: Agregar Etiqueta
Sin Etiquetas, Sea el primero en etiquetar este registro!

MARC

LEADER 00000nbm a2200000 4500
001 0244375
005 20181126105259.5
041 0 |a slo 
044 |a SK 
245 1 0 |a Medzinárodná migrácia a jej vplyv na budúci demografický vývoj v SR  |b diplomová práca  |c Mária Mihálková ; školiteľ: Andrej Přívara 
264 1 |a Bratislava  |c 2018 
300 |a 90 s. 
100 1 |a Mihálková, Mária 
700 1 |a Přívara, Andrej, 1983- 
710 2 |a Národohospodárska fakulta EU. Katedra sociálneho rozvoja a práce